| 000 | 00821nam a2200241 u 4500 | ||
|---|---|---|---|
| 005 | 20250826063913.0 | ||
| 008 | 180417s2015 es r 000 0 spa d | ||
| 020 | _a97884330278327832 | ||
| 035 | _aUPN01000224139 | ||
| 049 | _aCG | ||
| 050 | 4 |
_aRC537 _bF4.6 |
|
| 100 | 1 |
_aFeixas Viaplana, Guillem _940664 |
|
| 245 | 1 | 0 |
_aManual de intervención centrada en dilemas para la depresión / _cGuillem Feixas Viaplana, Victoria Compañ Felipe. |
| 260 |
_aBilbao, Esp. : _bDesclée de Brouwer, _c2015. |
||
| 300 | _a214 p. | ||
| 440 | 0 |
_aBiblioteca de psicología ; _v202. _pPsicoterapias cognitivas |
|
| 650 | 2 |
_aDepresión mental _97508 |
|
| 650 | 2 |
_aTerapia cognitiva _9228 |
|
| 650 | 4 |
_aTERAPIA DE CONSTRUCTOS PERSONALES _923854 |
|
| 700 | 1 |
_aCompañ Felipe, Victoria, _ecoaut. |
|
| 905 | _aLibro | ||
| 999 |
_c196236 _d196236 |
||